000 00486nam a2200193 i 4500
001 bg
100 1 _aGOOKIN, Dan
245 0 _aOptymalizacja Windows /
_cDan Gookin ; oprac. wersji pol. RafaƂ Sztencel.
260 _aWarszawa :
_b"Read Me",
_c1993.
300 _a274 s. ;
_c24 cm.
650 9 _aWINDOWS
020 _a8385769099
040 _cBPK
041 _apol
080 _a681.322.066
920 _a83-85769-09-9
942 _cKS
008 s pl f |000 0 pol
999 _c6012
_d6012
856 _uhttp://koha.tu.koszalin.pl/cgi-bin/koha/opac-detail.pl?biblionumber=6012
_yKatalog online BPK